Dokończ tekst piosenki #5 - "Kołysanka dla nieznajomej" Perfect - Statystyki

Ogólne statystyki
  • Ten quiz został rozwiązany 23 razy
  • Średni wynik to 27 z 36
Statystyki odpowiedzi
Tekst Dokończ % Poprawnych
Gdy nie ... cię już bawi
90%
Zamiast słuchać ... bzdur
90%
... mnie nieprzytomnie Kochaj
90%
... mnie nieprzytomnie Kochaj
90%
... mnie nieprzytomnie Kochaj
90%
... Niefizyczny
90%
W głowie tropisz bajki z ... gazet
86%
Dlaczego ..., że miałaś wszystko kłamiesz
86%
Co ludzie myślą to ... nieistotne
86%
Jakby świat się ... miał skończyć
86%
Świat ... mechanicznych zabawek
86%
Jak ... płomień zapalniczka
86%
Jak ... płomień zapalniczka
86%
... marzeń Cudzych
81%
I od progu ... powiedz mi czego chcesz bezwstydnie
76%
Kiedy ... cię ból dręczy
76%
Kochaj mnie ... tak namiętnie
76%
Na linie nad ... tańcz przepaścią
76%
Słuchaj jak dwa ... ... serca biją
76%
Spytaj ... czego pragniesz siebie
76%
Jak ... ... wodę sucha studnia
76%
Jak ... ... wodę sucha studnia
76%
Słuchaj co twe ... mówi ciało
71%
Swoje ... znajdź miejsce
71%
Kiedy nie chcesz już ... śnić
71%
I nie pytaj czy taki ... ma jakiś sens układ
71%
Pojmiesz po co ... żyjesz
71%
... do mnie przyjdź Bosa
67%
... mnie, ... mnie kochaj kochaj
67%
... mnie, ... mnie kochaj kochaj
67%
... mnie, ... mnie kochaj kochaj
67%
Aż w jedną ... ... krótką chwilę
62%
Gdy ... że śpisz udając
62%
Głupich telefonicznych ... zza ... mórz wróżek siedmiu
62%
W ... studni już nie utoniesz miłosnej
57%
Jak ... ... ... śmiej się i płacz księżyc w oknie
29%
Nie znaleziono quizów pasujących do podanych kryteriów
Rozkład punktacji
Procent ludzi z każdym wynikiem
Percentyl według liczby udzielonych odpowiedzi
Twoja historia wyników
Nie rozwiązałeś tego quizu